Score 0/10 Timer 01:00
0 Plays Today
% Correct
funny
95.6%
funky
95.2%
fungus
93.7%
function
92.6%
funnel
92.1%
fundraiser
91.8%
fundamental
91.1%
funeral
91%
fund
90.3%
funereal
84.6%

Today's Daily Dose

Missing Word
Purple Things

Word Ladder
Bell-Bottoms

Get the Picture
The Beatles Albums

You're not logged in!

Compare scores with friends on all Sporcle quizzes.
OR
Log In

Sporcle TV

Today on Sporcle TV


Watch our educational content, quiz creation guides, and fun videos on Sporcle TV.

Show Comments

Extras

Top Quizzes Today


Score Distribution

Paid Content

Your Account Isn't Verified!

In order to create a playlist on Sporcle, you need to verify the email address you used during registration. Go to your Sporcle Settings to finish the process.

Report this User

Report this user for behavior that violates our Community Guidelines.

Details: